Knee Anatomy - Statistics

General Stats
  • This quiz has been taken 110 times
  • The average score is 9 of 18
Answer Stats
Hint Answer % Correct
Ligament Anterior Cruciate Ligament
92%
Bone Patella
88%
Ligament Medial Collateral Ligament
87%
Bone Femur
84%
Bone Tibia
84%
Ligament Posterior Cruciate Ligament
82%
Bone Fibula
79%
Ligament Lateral Collateral Ligament
78%
Meniscus Lateral
66%
Meniscus Medial
64%
Tendon Patellar Tendon
29%
Tibial Landmark Tibial Tuberosity
19%
Femoral Landmark Lateral Condyle
16%
Femoral Landmark Medial Condyle
16%
Tibial Landmark Tibial Plateau
11%
Fibular Landmark Head of Fibula
9%
Femoral Landmark Patellar Groove
1%
Femoral Landmark Intercondylar Fossa
0%
No matching quizzes found
Score Distribution
Percent of People with Each Score
Percentile by Number Answered
Your Score History
You have not taken this quiz